Sistemas automáticos de control / (Record no. 87744)

MARC details
000 -LEADER
campo de control de longitud fija 00802nam a2200217 i 4500
001 - NÚMERO DE CONTROL
campo de control 87744
003 - IDENTIFICADOR DE NÚMERO DE CONTROL
campo de control ES-MaACL
005 - FECHA Y HORA DE LA ÚLTIMA TRANSACCIÓN
campo de control 20230906175730.0
007 - CAMPO FIJO DE DESCRIPCIÓN FÍSICA--INFORMACIÓN GENERAL
campo de control de longitud fija t|
008 - DATOS DE LONGITUD FIJA--INFORMACIÓN GENERAL
campo de control de longitud fija 041223s1970 mx ||||1| spa d
100 1# - ENTRADA PRINCIPAL--NOMBRE DE PERSONA
Nombre de persona Kuo, Benjamín C.
9 (RLIN) 69043
245 10 - MENCIÓN DEL TÍTULO
Título Sistemas automáticos de control /
Mención de responsabilidad, etc. por Benjamín C. Kuo ; [traducido por Ramón Puigjaner Trepat, Jerónimo Xampeny Baro, Jorge Casas Torba ; revisado por Juan Peracaula Roura].
250 ## - MENCION DE EDICION
Mención de edición [1ª ed.].
260 ## - PUBLICACIÓN, DISTRIBUCIÓN, ETC.
Lugar de publicación, distribución, etc. México :
Nombre del editor, distribuidor, etc. Compañía Editorial Continental,
Fecha de publicación, distribución, etc. [1970]
300 ## - DESCRIPCIÓN FÍSICA
Extensión X, 592 p. :
Otras características físicas il. ;
Dimensiones 22 cm.
700 1# - ENTRADA AGREGADA--NOMBRE PERSONAL
Nombre de persona Puigjaner Trepat, Ramón.
9 (RLIN) 94300
700 1# - ENTRADA AGREGADA--NOMBRE PERSONAL
Nombre de persona Xampeny Baro, Jerónimo.
9 (RLIN) 117490
700 1# - ENTRADA AGREGADA--NOMBRE PERSONAL
Nombre de persona Casas Torba, Jorge.
9 (RLIN) 36235
700 1# - ENTRADA AGREGADA--NOMBRE PERSONAL
Nombre de persona Peracaula Roura, Juan.
9 (RLIN) 90342
852 ## - LOCALIZACIÓN
Ubicación ES-MaACL
Número de control de estantería C-38782
Sublocalización o colección R.75300
Holdings
Estatus retirado Estado de pérdida Estado de daño No para préstamo Biblioteca de origen Biblioteca actual Ubicación en estantería Fecha de adquisición Fuente de adquisición Total de préstamos Signatura topográfica completa Código de barras Visto por última vez Precio de reemplazo Tipo de ítem Koha
        Biblioteca del Ateneo de Madrid Biblioteca del Ateneo de Madrid Depósito 2 17/01/2008     C-38782 1091664 23/02/2023 23/02/2023 Libro impreso